[Event "Mistrzostwa Polski Juniorow do 16 lat"]
[Site "Karpacz"]
[Date "2015.??.??"]
[Round "1.7"]
[White "Wisniewski, Michal"]
[Black "Tamon, Radoslaw"]
[Result "1-0"]
[WhiteElo "2096"]
[BlackElo "1880"]
[PlyCount "71"]
[EventDate "2015.??.??"]

1. e4 e5 2. Nf3 Nc6 3. d4 exd4 4. Nxd4 Bc5 5. Nxc6 Qf6 6. Qf3 dxc6 7. Bc4 h5 8.
Bd2 Ne7 9. Nc3 Be6 10. Qxf6 gxf6 11. Bb3 O-O-O 12. f3 Rhg8 13. g3 f5 14. O-O-O
Bd4 15. Ne2 Bxb3 16. axb3 fxe4 17. fxe4 Be5 18. Rhf1 Rg7 19. Bc3 Ng6 20. Rxd8+
Kxd8 21. Bxe5 Nxe5 22. Rf5 Ng4 23. Rxh5 Nf6 24. Rh4 Rg4 25. Rxg4 Nxg4 26. h4
Nf6 27. Nc3 b5 28. b4 a6 29. Kd2 c5 30. Kd3 cxb4 31. Nd5 Nxd5 32. exd5 a5 33.
c4 a4 34. cxb5 a3 35. bxa3 bxa3 36. Kc3 1-0

[Event "Mistrzostwa Polski Juniorow do 16 lat"]
[Site "Karpacz"]
[Date "2015.??.??"]
[Round "1.8"]
[White "Golda, Sebastian"]
[Black "Karpus, Michal"]
[Result "1-0"]
[WhiteElo "1874"]
[BlackElo "2092"]
[PlyCount "59"]
[EventDate "2015.??.??"]

1. e4 e5 2. Nf3 Nc6 3. Bc4 Bc5 4. d3 Nf6 5. O-O d6 6. c3 a6 7. Bb3 Ba7 8. Nbd2
O-O 9. h3 Ne7 10. Re1 Ng6 11. Nf1 Re8 12. Ng3 Bd7 13. Ng5 Re7 14. Nh5 h6 15.
Nxf6+ gxf6 16. Qh5 Nh8 17. Nf3 Be6 18. Nh4 Bxb3 19. axb3 Ng6 20. Bxh6 Qe8 21.
Nf5 Rd7 22. Bg7 Qe6 23. Qh6 Qe8 24. h4 d5 25. h5 dxe4 26. dxe4 Rad8 27. Bxf6
Bxf2+ 28. Kxf2 Rd2+ 29. Kf1 Qb5+ 30. c4 1-0

[Event "Mistrzostwa Polski Juniorow do 16 lat"]
[Site "Karpacz"]
[Date "2015.??.??"]
[Round "1.9"]
[White "Maj, Kornel"]
[Black "Szustakowski, Antoni"]
[Result "0-1"]
[WhiteElo "2089"]
[BlackElo "1862"]
[PlyCount "60"]
[EventDate "2015.??.??"]

1. e4 c5 2. Nf3 a6 3. c3 e6 4. d4 d5 5. e5 Bd7 6. Nbd2 cxd4 7. cxd4 Bb5 8.
Bxb5+ axb5 9. O-O Nc6 10. Re1 Nh6 11. Nf1 Nf5 12. Ne3 Nxe3 13. Bxe3 Bb4 14. Nd2
O-O 15. Qg4 f5 16. exf6 Qxf6 17. Red1 Bxd2 18. Rxd2 Na5 19. Qd1 Nc4 20. Rc2
Nxe3 21. fxe3 Qg5 22. Qd2 Rf5 23. Rcc1 Rf3 24. Re1 Raf8 25. Rac1 h5 26. Qe2 Qg4
27. e4 dxe4 28. Qxe4 Rf1+ 29. Rxf1 Rxf1+ 30. Rxf1 Qxe4 0-1

[Event "Mistrzostwa Polski Juniorow do 16 lat"]
[Site "Karpacz"]
[Date "2015.??.??"]
[Round "1.10"]
[White "Klementowski, Dawid"]
[Black "Nowak, Kamil"]
[Result "0-1"]
[WhiteElo "1805"]
[BlackElo "2080"]
[PlyCount "82"]
[EventDate "2015.??.??"]

1. e4 c5 2. Nf3 d6 3. Bb5+ Bd7 4. Bxd7+ Nxd7 5. c4 Ngf6 6. Nc3 Ne5 7. d3 e6 8.
h3 Be7 9. O-O O-O 10. Be3 Nfd7 11. Kh1 Bf6 12. Rc1 a6 13. Qe2 Rc8 14. Rfd1 Qe7
15. b3 Nxf3 16. Qxf3 Ne5 17. Qe2 Nc6 18. f4 Bd4 19. Rf1 f5 20. Qd2 Qf6 21. Ne2
Rce8 22. Rce1 Bxe3 23. Qxe3 Qb2 24. Nc1 e5 25. Rf2 Qd4 26. exf5 Rxf5 27. Qxd4
Nxd4 28. g4 Rf7 29. Kg2 Ref8 30. Ne2 Nxe2 31. Rexe2 Rxf4 32. Rxf4 Rxf4 33. Rf2
g5 34. Kg3 Kf7 35. a3 Ke6 36. Rf3 a5 37. a4 d5 38. Rf2 Rxf2 39. Kxf2 e4 40. Ke3
dxc4 41. bxc4 exd3 0-1

[Event "Mistrzostwa Polski Juniorow do 16 lat"]
[Site "Karpacz"]
[Date "2015.??.??"]
[Round "1.13"]
[White "Zaleski, Lukasz"]
[Black "Rzeszowski, Dominik"]
[Result "1/2-1/2"]
[WhiteElo "2005"]
[BlackElo "1780"]
[PlyCount "84"]
[EventDate "2015.??.??"]

1. e4 d5 2. exd5 Qxd5 3. Nc3 Qd6 4. d4 Nf6 5. Nf3 a6 6. a4 Bg4 7. Be2 Nc6 8.
Be3 O-O-O 9. Nd2 Bf5 10. Nf3 Nb4 11. Rc1 Nfd5 12. Nxd5 Nxd5 13. O-O Nxe3 14.
fxe3 e6 15. Ne5 Qe7 16. Bd3 f6 17. Nf3 Bxd3 18. Qxd3 Qd7 19. b3 Bd6 20. c4 c6
21. Nd2 e5 22. d5 c5 23. Ne4 b6 24. a5 Qc7 25. axb6 Qxb6 26. Ra1 Kc7 27. b4 Kd7
28. bxc5 Bxc5 29. Nxc5+ Qxc5 30. Rxa6 Rc8 31. Rb1 e4 32. Qxe4 Rhe8 33. Rb7+ Kd8
34. Qd4 Rxe3 35. Qxc5 Rxc5 36. d6 Rxc4 37. d7 Rc7 38. Ra8+ Kxd7 39. Rxc7+ Kxc7
40. Ra7+ Kd6 41. Rxg7 Re7 42. Rg8 Ke6 1/2-1/2

[Event "Mistrzostwa Polski Juniorow do 16 lat"]
[Site "Karpacz"]
[Date "2015.??.??"]
[Round "1.14"]
[White "Wisniewski, Jacek"]
[Black "Wacior, Maciej"]
[Result "1/2-1/2"]
[WhiteElo "1775"]
[BlackElo "1997"]
[PlyCount "80"]
[EventDate "2015.??.??"]

1. e4 c6 2. d4 d5 3. exd5 cxd5 4. Bd3 Nc6 5. c3 Nf6 6. Bf4 g6 7. Nf3 Bf5 8.
Bxf5 gxf5 9. Nbd2 Bg7 10. h3 Ne4 11. O-O Qd7 12. Ne1 O-O-O 13. Nd3 b6 14. a4 f6
15. a5 e5 16. axb6 axb6 17. Bh2 Nxd2 18. Qxd2 f4 19. Ra6 Kb7 20. Rfa1 Ra8 21.
Rxa8 Rxa8 22. Rxa8 Kxa8 23. f3 Na5 24. dxe5 fxe5 25. Nb4 d4 26. cxd4 Bf8 27.
Nc2 Bc5 28. Qd3 Nc6 29. Qa6+ Kb8 30. dxc5 Qd1+ 31. Qf1 Qxc2 32. Kh1 Qxc5 33.
Bg1 Nd4 34. Qb1 Qb4 35. Qe4 Qd6 36. Qxh7 Ne2 37. Qg8+ Ka7 38. Qa2+ Kb8 39. Qc4
Qd1 40. Qg8+ Kb7 1/2-1/2

[Event "Mistrzostwa Polski Juniorow do 16 lat"]
[Site "Karpacz"]
[Date "2015.??.??"]
[Round "1.15"]
[White "Domanski, Lukasz"]
[Black "Szmer, Aleksander"]
[Result "1/2-1/2"]
[WhiteElo "1974"]
[BlackElo "1767"]
[PlyCount "99"]
[EventDate "2015.??.??"]

1. e4 d5 2. exd5 Qxd5 3. d4 e5 4. dxe5 Qxe5+ 5. Be2 Bg4 6. Nd2 Nc6 7. Ngf3 Qa5
8. O-O O-O-O 9. c3 Nf6 10. Qb3 Be6 11. Bc4 Bd5 12. Qc2 Bxc4 13. Nxc4 Qd5 14.
Ne3 Qh5 15. b4 Bd6 16. Nc4 Ne5 17. Ncxe5 Bxe5 18. Nxe5 Qxe5 19. h3 Qe4 20. Qa4
Kb8 21. Be3 b6 22. Rfe1 Qc4 23. Bd4 Nd5 24. Qb3 Qxb3 25. axb3 f6 26. b5 Rhe8
27. Rxe8 Rxe8 28. Rd1 Kb7 29. Kf1 c5 30. bxc6+ Kxc6 31. c4 Nf4 32. Be3 Ne6 33.
b4 Rd8 34. Rxd8 Nxd8 35. Ke2 a5 36. b5+ Kc7 37. Kd3 Nf7 38. c5 bxc5 39. Kc4
Nd6+ 40. Kxc5 Nb7+ 41. Kd5 Kd7 42. b6 a4 43. Kc4 Kc6 44. Kb4 Nd6 45. Kxa4 Nc4
46. b7 Kxb7 47. Kb5 Na3+ 48. Kc5 Kc7 49. Kd5 Kd7 50. Bc5 1/2-1/2

[Event "Mistrzostwa Polski Juniorow do 16 lat"]
[Site "Karpacz"]
[Date "2015.??.??"]
[Round "1.11"]
[White "Zylka, Stanislaw"]
[Black "Holownia, Michal"]
[Result "1-0"]
[WhiteElo "2065"]
[BlackElo "1795"]
[PlyCount "95"]
[EventDate "2015.??.??"]

1. e4 e5 2. Nf3 Nc6 3. Bc4 Bc5 4. O-O d6 5. c3 Nf6 6. d4 exd4 7. cxd4 Bb6 8.
Nc3 h6 9. h3 O-O 10. Bb3 Re8 11. Re1 Ba5 12. Qd3 Nb4 13. Qb1 Be6 14. Bxe6 Rxe6
15. a3 Na6 16. b4 Bb6 17. Bf4 c6 18. Ra2 Nc7 19. Na4 Nb5 20. Nxb6 axb6 21. Qd3
d5 22. e5 Ne4 23. Rc1 Ra4 24. Rcc2 Re8 25. Bc1 Qe7 26. Kh2 Rea8 27. Ng1 Ng5 28.
Ne2 Ne6 29. f4 Nec7 30. f5 f6 31. Qg3 Na6 32. Qb3 Nac7 33. Bb2 fxe5 34. dxe5
Qg5 35. Ng3 Qf4 36. e6 Nd4 37. Bxd4 Qxd4 38. Rd2 Qf6 39. Qf3 Ne8 40. Re2 Nd6
41. e7 Re8 42. Re6 Qf7 43. Rxd6 Rxe7 44. f6 Rd7 45. Rxd7 Qxd7 46. Re2 gxf6 47.
Qh5 Ra8 48. Nf5 1-0

[Event "Mistrzostwa Polski Juniorow do 16 lat"]
[Site "Karpacz"]
[Date "2015.??.??"]
[Round "1.12"]
[White "Oleszek, Maciej"]
[Black "Michalski, Filip"]
[Result "0-1"]
[WhiteElo "1788"]
[BlackElo "2030"]
[PlyCount "50"]
[EventDate "2015.??.??"]

1. d4 Nf6 2. c4 e6 3. Nf3 d5 4. Nc3 Be7 5. Bg5 O-O 6. e3 a6 7. Qc2 Nbd7 8. c5
c6 9. Bd3 b6 10. cxb6 h6 11. Bh4 Qxb6 12. g4 Bd6 13. Bxf6 Nxf6 14. g5 Ng4 15.
h4 f5 16. Rg1 Rb8 17. O-O-O Bb4 18. Na4 Qc7 19. Rxg4 fxg4 20. Ne5 Bd6 21. Nxg4
e5 22. dxe5 Bxg4 23. exd6 Qxd6 24. Rg1 Rb4 25. gxh6 Qxh6 0-1

[Event "Mistrzostwa Polski Juniorow do 16 lat"]
[Site "Karpacz"]
[Date "2015.??.??"]
[Round "1.16"]
[White "Pasieka, Marcin"]
[Black "Januszkiewicz, Wojciech"]
[Result "0-1"]
[WhiteElo "1683"]
[BlackElo "1965"]
[PlyCount "48"]
[EventDate "2015.??.??"]

1. e4 c5 2. Nf3 d6 3. d4 cxd4 4. Nxd4 Nf6 5. Nc3 g6 6. Be3 Bg7 7. f3 O-O 8. Qd2
Nc6 9. Bc4 Bd7 10. O-O-O Rc8 11. Bb3 Nxd4 12. Bxd4 b5 13. Nd5 Nxd5 14. Bxd5 a5
15. Bxg7 Kxg7 16. e5 Bf5 17. Be4 Bxe4 18. fxe4 dxe5 19. Qe2 Qc7 20. Rd5 b4 21.
Rhd1 e6 22. Rb5 Rfd8 23. Rxd8 Rxd8 24. Qe3 Qc4 0-1

[Event "Mistrzostwa Polski Juniorow do 16 lat"]
[Site "Karpacz"]
[Date "2015.??.??"]
[Round "1.17"]
[White "Madej, Roman"]
[Black "Czerniawski, Krzysztof"]
[Result "1/2-1/2"]
[WhiteElo "1935"]
[BlackElo "1680"]
[PlyCount "73"]
[EventDate "2015.??.??"]

1. d4 d5 2. c4 c6 3. Nf3 Nf6 4. Nc3 e6 5. Bg5 Be7 6. e3 Nbd7 7. Qc2 O-O 8. Bd3
dxc4 9. Bxc4 b5 10. Bd3 Bb7 11. e4 h6 12. Bh4 a6 13. Rd1 Nh5 14. Bg3 Nxg3 15.
hxg3 Qa5 16. O-O Rfd8 17. a3 Qb6 18. b4 a5 19. Qb3 axb4 20. axb4 Nf6 21. Bc2
Qa7 22. e5 Nd5 23. Nxd5 cxd5 24. Qd3 g6 25. Ra1 Qxa1 26. Rxa1 Rxa1+ 27. Kh2 Bc6
28. Qc3 Ra6 29. Bd3 Kg7 30. Nd2 h5 31. Nf3 Rb6 32. Ne1 Rc8 33. Qa3 Ra8 34. Qc3
Rc8 35. Qa3 Ra8 36. Qc3 Rc8 37. Qa3 1/2-1/2

[Event "Mistrzostwa Polski Juniorow do 16 lat"]
[Site "Karpacz"]
[Date "2015.??.??"]
[Round "1.18"]
[White "Choina, Michal"]
[Black "Klepek, Witold"]
[Result "0-1"]
[WhiteElo "1678"]
[BlackElo "1931"]
[PlyCount "114"]
[EventDate "2015.??.??"]

1. e4 c5 2. Nf3 e6 3. d4 cxd4 4. Nxd4 Nf6 5. Bd3 Nc6 6. Nxc6 bxc6 7. c4 e5 8.
O-O Be7 9. Nc3 d6 10. Kh1 O-O 11. Qe2 Be6 12. b3 Qc7 13. f4 exf4 14. Bxf4 Ng4
15. h3 Ne5 16. Bxe5 dxe5 17. Nd1 Rfd8 18. Ne3 Rd7 19. Rad1 Rad8 20. Bb1 Rd4 21.
Nc2 Rxd1 22. Rxd1 Rxd1+ 23. Qxd1 Qd7 24. Qxd7 Bxd7 25. Ne1 Bc5 26. Nf3 f6 27.
Kh2 Kf7 28. Kg3 Ke6 29. Bd3 g6 30. Nh4 Be3 31. Kf3 Bg5 32. Kg3 a5 33. Nf3 Be3
34. Ne1 f5 35. Kf3 Bc5 36. Nc2 f4 37. g3 fxg3 38. Kxg3 Kf6 39. Ne1 Be3 40. Nc2
Bd2 41. a3 c5 42. a4 h5 43. h4 Bg4 44. Na3 Be1+ 45. Kg2 Bxh4 46. Bc2 Bg5 47.
Nb5 Bf4 48. Nc3 h4 49. Bd1 h3+ 50. Kh1 Bxd1 51. Nxd1 Kg5 52. Nf2 Kh4 53. Nd3 g5
54. b4 g4 55. bxc5 g3 56. c6 g2+ 57. Kg1 Kg3 0-1

[Event "Mistrzostwa Polski Juniorow do 16 lat"]
[Site "Karpacz"]
[Date "2015.??.??"]
[Round "1.19"]
[White "Fukowski, Pawel"]
[Black "Jankowiak, Tomasz"]
[Result "1-0"]
[WhiteElo "1920"]
[BlackElo "1663"]
[PlyCount "59"]
[EventDate "2015.??.??"]

1. d4 d5 2. Nf3 Nf6 3. g3 e6 4. c4 Be7 5. Bg2 O-O 6. O-O c6 7. Qc2 b6 8. b3 Bb7
9. Nc3 Nbd7 10. Rd1 Rc8 11. Bb2 c5 12. cxd5 Nxd5 13. Nxd5 Bxd5 14. e4 cxd4 15.
Qe2 Bb7 16. Rxd4 Bc5 17. Rd2 Qe7 18. Rad1 Nf6 19. Bxf6 Qxf6 20. Rd7 Rb8 21. e5
Bxf3 22. Bxf3 Qg6 23. Rxa7 Rbd8 24. Rad7 Rxd7 25. Rxd7 Qg5 26. h4 Qc1+ 27. Kg2
Qc3 28. Be4 Bd4 29. Bxh7+ Kh8 30. Qh5 1-0

[Event "Mistrzostwa Polski Juniorow do 16 lat"]
[Site "Karpacz"]
[Date "2015.??.??"]
[Round "1.20"]
[White "Bakalarczyk, Jakub"]
[Black "Janiszewski, Filip"]
[Result "0-1"]
[WhiteElo "1602"]
[BlackElo "1919"]
[PlyCount "70"]
[EventDate "2015.??.??"]

1. d4 Nf6 2. c4 g6 3. Nc3 d5 4. cxd5 Nxd5 5. e4 Nxc3 6. bxc3 Bg7 7. Bc4 c5 8.
Ne2 O-O 9. O-O Nc6 10. Bb2 Qc7 11. Rc1 Rd8 12. Qb3 Na5 13. Qa4 Nxc4 14. Qxc4
Be6 15. d5 Bd7 16. Qb3 b5 17. Qc2 Qa5 18. Qb1 Rab8 19. f4 e6 20. Rcd1 exd5 21.
Rxd5 Be6 22. Rxd8+ Rxd8 23. Rd1 Rxd1+ 24. Qxd1 Qxa2 25. Qc2 Bb3 26. Qc1 Bc4 27.
Ng3 Bd3 28. e5 Qb1 29. Kf2 Qxc1 30. Bxc1 f6 31. e6 f5 32. Ke3 Bc4 33. Kd2 Bxe6
34. Ba3 Bf8 35. Kc2 Bd5 0-1

[Event "Mistrzostwa Polski Juniorow do 16 lat"]
[Site "Karpacz"]
[Date "2015.??.??"]
[Round "1.1"]
[White "Janik, Igor"]
[Black "Adamczewski, Maciej"]
[Result "0-1"]
[WhiteElo "2277"]
[BlackElo "1903"]
[PlyCount "86"]
[EventDate "2015.??.??"]

1. e4 c5 2. Nf3 Nc6 3. d4 cxd4 4. Nxd4 Qb6 5. Nb3 Nf6 6. Nc3 e6 7. Be3 Qc7 8.
Be2 Bb4 9. O-O Bxc3 10. bxc3 Nxe4 11. Bf3 Nf6 12. Bc5 d5 13. Re1 b6 14. Ba3 Ne5
15. Qd4 Nxf3+ 16. gxf3 Bd7 17. Re3 Bb5 18. Qb4 Bc4 19. Nd4 O-O-O 20. Rae1 Rhe8
21. Qa4 Kb7 22. Bc1 g5 23. Re5 h6 24. Bd2 Nd7 25. R5e3 Nc5 26. Qa3 Rg8 27. Nb3
Bxb3 28. axb3 g4 29. Ra1 gxf3+ 30. Kh1 a5 31. Rxf3 Ne4 32. Bf4 e5 33. Bg3 Ng5
34. Rf6 Rg6 35. Rxg6 fxg6 36. Rd1 Qf7 37. Kg1 h5 38. Rd3 e4 39. Re3 Nf3+ 40.
Kf1 h4 41. Bd6 Qe6 42. Bf8 Rd7 43. Bh6 Nxh2+ 0-1

[Event "Mistrzostwa Polski Juniorow do 16 lat"]
[Site "Karpacz"]
[Date "2015.??.??"]
[Round "1.2"]
[White "Mockun, Dawid"]
[Black "Koziol, Kamil"]
[Result "0-1"]
[WhiteElo "1892"]
[BlackElo "2216"]
[PlyCount "118"]
[EventDate "2015.??.??"]

1. d4 Nf6 2. Nf3 c5 3. e3 e6 4. Bd3 d5 5. c3 Bd6 6. Nbd2 Nc6 7. Qe2 O-O 8. O-O
Qc7 9. dxc5 Bxc5 10. e4 Nh5 11. exd5 Nf4 12. Qe4 f5 13. Qa4 exd5 14. Qc2 Bd7
15. Nb3 Bd6 16. Be3 Ne5 17. Nxe5 Bxe5 18. Bxf4 Bxf4 19. h3 Be5 20. Rad1 g6 21.
Be2 Be6 22. Bf3 Rad8 23. Rfe1 Bf7 24. Re2 Rd7 25. Nd4 Re8 26. Red2 a6 27. Qa4
Bf4 28. Re2 Rxe2 29. Nxe2 Be5 30. Rd2 Rd6 31. Qd1 Qc4 32. Qb3 b5 33. Nd4 Rd7
34. Nc2 Qc5 35. Qb4 Qb6 36. Nd4 Bf4 37. Rd1 Bd6 38. Qb3 Bc5 39. a3 Kg7 40. Rd2
Qd6 41. Qd1 Bb6 42. g3 Qe5 43. Kg2 h5 44. Nc6 Qd6 45. Nb4 h4 46. Rd3 Bxf2 47.
Kxf2 Qxg3+ 48. Kf1 d4 49. Bc6 Qf4+ 50. Rf3 Bc4+ 51. Kg2 Qg5+ 52. Kh1 Rd6 53.
Qe1 Re6 54. Qf2 Qc1+ 55. Kg2 Re2 56. cxd4 Rxf2+ 57. Rxf2 Qg5+ 58. Kh1 Qe3 59.
Rg2 Qxh3+ 0-1

[Event "Mistrzostwa Polski Juniorow do 16 lat"]
[Site "Karpacz"]
[Date "2015.??.??"]
[Round "1.3"]
[White "Walter, Szymon"]
[Black "Bilczewski, Kacper"]
[Result "1-0"]
[WhiteElo "2179"]
[BlackElo "1890"]
[PlyCount "59"]
[EventDate "2015.??.??"]

1. e4 e5 2. Nf3 Nc6 3. Bb5 Bc5 4. c3 Nf6 5. d4 Bb6 6. Bg5 h6 7. Bh4 exd4 8.
cxd4 g5 9. Nxg5 hxg5 10. Bxg5 d6 11. Nc3 Rg8 12. h4 Ba5 13. Qf3 Rg6 14. Kf1
Bxc3 15. bxc3 Bd7 16. Bd3 Rxg5 17. hxg5 Ng8 18. g6 fxg6 19. Bc4 Qe7 20. Rh8 Be6
21. Bxe6 Qxe6 22. d5 Qf7 23. Qxf7+ Kxf7 24. Rh7+ Kf6 25. dxc6 bxc6 26. Rxc7 c5
27. Rb1 Ke6 28. Rbb7 a5 29. Rg7 Nf6 30. Rbe7# 1-0

[Event "Mistrzostwa Polski Juniorow do 16 lat"]
[Site "Karpacz"]
[Date "2015.??.??"]
[Round "1.5"]
[White "Szostko, Jakub"]
[Black "Kaminski, Piotr"]
[Result "1-0"]
[WhiteElo "2162"]
[BlackElo "1887"]
[PlyCount "59"]
[EventDate "2015.??.??"]

1. e4 c5 2. Nf3 g6 3. d4 cxd4 4. Nxd4 Nc6 5. Nc3 Bg7 6. Be3 Nf6 7. Bc4 O-O 8.
Bb3 a5 9. O-O Nxd4 10. Bxd4 d6 11. Qe2 Bd7 12. Rad1 a4 13. Bc4 Bc6 14. a3 Nd7
15. Bxg7 Kxg7 16. Nd5 Re8 17. c3 Qa5 18. f4 f6 19. Rfe1 Rac8 20. Ba2 Qc5+ 21.
Kh1 Bb5 22. Qf3 Bc4 23. Bxc4 Qxc4 24. Rd4 Qc6 25. Qd1 b5 26. Qe2 Qb7 27. Rb4
Rc5 28. c4 Rxc4 29. Qxc4 bxc4 30. Rxb7 1-0

[Event "Mistrzostwa Polski Juniorow do 16 lat"]
[Site "Karpacz"]
[Date "2015.??.??"]
[Round "1.6"]
[White "Badyra, Wasyl"]
[Black "Winiarski, Mikolaj"]
[Result "0-1"]
[WhiteElo "1885"]
[BlackElo "2113"]
[PlyCount "86"]
[EventDate "2015.??.??"]

1. e4 c6 2. Nc3 d5 3. Nf3 Bg4 4. h3 Bh5 5. exd5 cxd5 6. Bb5+ Nc6 7. g4 Bg6 8.
Ne5 Rc8 9. Qf3 e6 10. d3 Bd6 11. Bf4 Nge7 12. Kf1 O-O 13. Bxc6 Nxc6 14. Nxc6
Rxc6 15. Rc1 Qf6 16. Ne2 e5 17. g5 Qf5 18. h4 h5 19. gxh6 exf4 20. Nd4 Qh5 21.
Qxh5 Bxh5 22. Nxc6 bxc6 23. hxg7 Kxg7 24. Rg1+ Kf6 25. c4 Bf3 26. a3 Rh8 27. d4
dxc4 28. Rxc4 Rxh4 29. Ra4 Bb8 30. Ke1 Rh8 31. Kd2 Bd5 32. Ra6 Kf5 33. Ra4 f3
34. Rb4 Bc7 35. Rb7 Bb6 36. Kd3 Rh4 37. Rg3 Rxd4+ 38. Kc3 Rc4+ 39. Kd3 Rh4 40.
Rg7 Bxf2 41. b4 Bb6 42. a4 f2 43. Kc3 Bd4+ 0-1

[Event "Mistrzostwa Polski Juniorow do 16 lat"]
[Site "Karpacz"]
[Date "2015.??.??"]
[Round "2.7"]
[White "Adamczewski, Maciej"]
[Black "Zylka, Stanislaw"]
[Result "1/2-1/2"]
[WhiteElo "1903"]
[BlackElo "2065"]
[PlyCount "80"]
[EventDate "2015.??.??"]

1. d4 Nf6 2. c4 c5 3. d5 e6 4. Nc3 exd5 5. cxd5 d6 6. e4 g6 7. h3 Bg7 8. Nf3
O-O 9. Bd3 b5 10. Nxb5 Re8 11. O-O Nxe4 12. Re1 a6 13. Na3 Nf6 14. Bg5 Rxe1+
15. Qxe1 Bb7 16. Be4 Nbd7 17. Nc4 Nb6 18. b3 Qc7 19. Bxf6 Bxf6 20. Rd1 Nxc4 21.
bxc4 Re8 22. Qe3 a5 23. Qf4 Kg7 24. Rb1 Ba6 25. Bd3 a4 26. a3 Rb8 27. Rxb8 Qxb8
28. Bc2 Qb2 29. Bxa4 Qxa3 30. Be8 Qa1+ 31. Kh2 Qc3 32. Qxd6 Bxc4 33. Qxc5 Be5+
34. Nxe5 Qxe5+ 35. g3 Qxd5 36. Qxd5 Bxd5 37. Bb5 h6 38. Bd3 Kf6 39. Kg1 Ke5 40.
Kf1 Bf3 1/2-1/2

[Event "Mistrzostwa Polski Juniorow do 16 lat"]
[Site "Karpacz"]
[Date "2015.??.??"]
[Round "2.8"]
[White "Szustakowski, Antoni"]
[Black "Zaleski, Lukasz"]
[Result "1/2-1/2"]
[WhiteElo "1862"]
[BlackElo "2005"]
[PlyCount "72"]
[EventDate "2015.??.??"]

1. Nf3 Nf6 2. c4 e6 3. Nc3 Bb4 4. Qc2 d6 5. a3 Bxc3 6. Qxc3 O-O 7. e3 b6 8. Be2
Bb7 9. b4 Nbd7 10. Bb2 e5 11. O-O Ne4 12. Qc2 f5 13. d4 Ng5 14. Qd1 e4 15. Nxg5
Qxg5 16. d5 a6 17. f4 exf3 18. Rxf3 Qe7 19. Bd3 g6 20. Rg3 Ne5 21. Qc2 Nxd3 22.
Qxd3 Rae8 23. Rf1 Qe4 24. Qc3 Qe5 25. Qc1 Qe7 26. Rf4 Bc8 27. Qd1 Qf7 28. h4 h6
29. Qd4 Kh7 30. Bc3 Bd7 31. Bb2 Qe7 32. Rff3 Rf7 33. Rf4 Bc8 34. Qd3 Bd7 35.
Qd4 Bc8 36. Qd3 Bd7 1/2-1/2

[Event "Mistrzostwa Polski Juniorow do 16 lat"]
[Site "Karpacz"]
[Date "2015.??.??"]
[Round "2.9"]
[White "Grela, Kacper"]
[Black "Wisniewski, Jacek"]
[Result "1-0"]
[WhiteElo "2172"]
[BlackElo "1775"]
[PlyCount "64"]
[EventDate "2015.??.??"]

1. e4 c5 2. c3 d5 3. exd5 Qxd5 4. d4 cxd4 5. cxd4 Nc6 6. Nf3 e5 7. Nc3 Bb4 8.
Bd2 Bxc3 9. Bxc3 e4 10. Ne5 Nxe5 11. dxe5 Ne7 12. Be2 O-O 13. O-O Rd8 14. Qc1
Bf5 15. Qg5 Qe6 16. Rad1 Nc6 17. b3 h6 18. Qf4 Qg6 19. Bc4 Qg4 20. Qxg4 Bxg4
21. Rde1 Bf5 22. e6 Bxe6 23. Bxe6 fxe6 24. Rxe4 Rd3 25. Ba1 Re8 26. b4 b5 27.
Rfe1 Kf7 28. Rf4+ Kg6 29. g4 Re7 30. Kg2 Rd2 31. a3 a5 32. Re3 e5 1-0

[Event "Mistrzostwa Polski Juniorow do 16 lat"]
[Site "Karpacz"]
[Date "2015.??.??"]
[Round "2.15"]
[White "Holownia, Michal"]
[Black "Maj, Kornel"]
[Result "1-0"]
[WhiteElo "1795"]
[BlackElo "2089"]
[PlyCount "83"]
[EventDate "2015.??.??"]

1. e4 c5 2. Nf3 d6 3. d4 cxd4 4. Nxd4 Nf6 5. Nc3 Nc6 6. Bg5 e6 7. Qd2 a6 8.
O-O-O h6 9. Nxc6 bxc6 10. Bf4 e5 11. Bxe5 Bg4 12. Bxf6 Qxf6 13. Be2 Be6 14. Bf3
Qd8 15. Rhe1 Be7 16. Qd4 O-O 17. e5 d5 18. Be2 Rb8 19. f4 Rb4 20. Qa7 Rxf4 21.
Qxa6 Qc7 22. a3 Qxe5 23. g3 Rf2 24. Qxc6 Rc8 25. Qb6 Bc5 26. Qa6 Rb8 27. Bb5
Be3+ 28. Rxe3 Qxe3+ 29. Kb1 Rd2 30. Rc1 Rb6 31. Qa8+ Kh7 32. Bd3+ Rxd3 33. cxd3
Qxd3+ 34. Ka1 Qd2 35. Rb1 d4 36. Nd5 Rb5 37. Ne7 f6 38. Qe4+ Bf5 39. Nxf5 Re5
40. Qxd4 Qxh2 41. Qd7 Rxf5 42. Qxf5+ 1-0

[Event "Mistrzostwa Polski Juniorow do 16 lat"]
[Site "Karpacz"]
[Date "2015.??.??"]
[Round "2.18"]
[White "Kaminski, Piotr"]
[Black "Choina, Michal"]
[Result "0-1"]
[WhiteElo "1887"]
[BlackElo "1678"]
[PlyCount "112"]
[EventDate "2015.??.??"]

1. e4 c5 2. Nf3 e6 3. d4 cxd4 4. Nxd4 a6 5. Bd3 Qc7 6. O-O Nf6 7. Qe2 d6 8. c4
Be7 9. Nc3 O-O 10. Be3 Bd7 11. Rac1 Nc6 12. f4 Rfc8 13. Nxc6 Bxc6 14. g4 Nd7
15. g5 Nc5 16. Bb1 b6 17. Qh5 g6 18. Qg4 Bb7 19. f5 gxf5 20. exf5 Qc6 21. Qh3
h6 22. f6 Bf8 23. Kf2 Nd7 24. Rg1 Ne5 25. gxh6+ Kh8 26. Nd5 Ng6 27. Bxg6 fxg6
28. Qxe6 Qe8 29. Qxe8 Rxe8 30. Nc7 Rxe3 31. Kxe3 Rc8 32. Rxg6 Rxc7 33. Rcg1 Kh7
34. b3 Bxh6+ 35. Kd4 Rf7 36. h4 Bf3 37. R6g3 Rxf6 38. Rf1 Bg7 39. Kd3 Be4+ 40.
Ke2 Re6 41. Kd1 Bg6 42. Rg2 Bh6 43. Rh2 Bh5+ 44. Kc2 Bg7 45. Rg2 Re4 46. Rh2 a5
47. a4 Re3 48. Rg2 Rc3+ 49. Kd2 Rxb3 50. Rfg1 Bd4 51. Rc1 Bg6 52. Kd1 Bb2 53.
Rcc2 Bxc2+ 54. Rxc2 Bd4 55. Kd2 Rb2 56. Rxb2 Bxb2 0-1

[Event "Mistrzostwa Polski Juniorow do 16 lat"]
[Site "Karpacz"]
[Date "2015.??.??"]
[Round "2.19"]
[White "Jankowiak, Tomasz"]
[Black "Badyra, Wasyl"]
[Result "1-0"]
[WhiteElo "1663"]
[BlackElo "1885"]
[PlyCount "85"]
[EventDate "2015.??.??"]

1. e4 c5 2. Nf3 Nc6 3. d4 cxd4 4. Nxd4 g6 5. c4 Bg7 6. Be3 Nf6 7. Nc3 O-O 8.
Be2 d6 9. Qd2 Nd7 10. O-O Nc5 11. Rfd1 Bd7 12. f3 Rc8 13. Rac1 Re8 14. b3 b6
15. Bf1 Ne5 16. Ndb5 a6 17. Nd4 Rb8 18. Rc2 Qc8 19. Nd5 e6 20. Nc3 Nb7 21. Nde2
Qc7 22. Kh1 Bc6 23. Nd5 exd5 24. cxd5 Na5 25. Nd4 Qb7 26. Nxc6 Naxc6 27. dxc6
Nxc6 28. Bxa6 Qxa6 29. Rxc6 Be5 30. f4 Bg7 31. Rxd6 Bf8 32. Rd4 Bc5 33. Ra4
Bxe3 34. Qxe3 Qc8 35. Rc4 Qg4 36. Qf3 Qe6 37. h3 b5 38. Rcd4 Ra8 39. R1d2 Qb6
40. Qd3 Rac8 41. Kh2 Rc1 42. Rd1 Rcc8 43. e5 1-0

[Event "Mistrzostwa Polski Juniorow do 16 lat"]
[Site "Karpacz"]
[Date "2015.??.??"]
[Round "2.20"]
[White "Tamon, Radoslaw"]
[Black "Bakalarczyk, Jakub"]
[Result "1/2-1/2"]
[WhiteElo "1880"]
[BlackElo "1602"]
[PlyCount "64"]
[EventDate "2015.??.??"]

1. e4 c6 2. d4 d5 3. exd5 cxd5 4. Bd3 Nc6 5. c3 Nf6 6. h3 g6 7. Nf3 Bg7 8. O-O
O-O 9. Re1 a6 10. Bf4 Bf5 11. Ne5 Bxd3 12. Qxd3 e6 13. Nd2 Nxe5 14. Bxe5 Nd7
15. Bxg7 Kxg7 16. Nf3 b5 17. a4 Qb6 18. Ra3 Rfb8 19. Nd2 Qc6 20. axb5 axb5 21.
Rea1 Rxa3 22. Rxa3 b4 23. Ra1 bxc3 24. bxc3 Re8 25. Re1 Nb6 26. Qc2 Na4 27. Nb1
Qc4 28. Kh2 Qc7+ 29. Kg1 Qc4 30. Kh2 Qc7+ 31. Kg1 Qc4 32. Kh2 Qc7+ 1/2-1/2

[Event "Mistrzostwa Polski Juniorow do 16 lat"]
[Site "Karpacz"]
[Date "2015.??.??"]
[Round "2.11"]
[White "Rzeszowski, Dominik"]
[Black "Domanski, Lukasz"]
[Result "0-1"]
[WhiteElo "1780"]
[BlackElo "1974"]
[PlyCount "112"]
[EventDate "2015.??.??"]

1. e4 c5 2. Nc3 a6 3. g3 b5 4. Bg2 Bb7 5. d3 e6 6. Be3 Be7 7. f4 d5 8. e5 Nc6
9. Bf2 Nh6 10. h3 Nf5 11. Nf3 h5 12. Qd2 d4 13. Ne4 Nb4 14. a3 Nd5 15. Nfg5 Qc7
16. O-O Nde3 17. Bxe3 Nxe3 18. Rfe1 Kf8 19. Rxe3 dxe3 20. Qxe3 Rd8 21. Re1 Bxe4
22. Nxe4 g6 23. Rf1 Kg7 24. Re1 c4 25. d4 a5 26. c3 Qb6 27. Kh2 Qb8 28. Kg1 b4
29. axb4 axb4 30. Nd2 bxc3 31. bxc3 Qb5 32. Bf1 Rc8 33. Qe2 Qb2 34. Qe3 Rc7 35.
Nxc4 Qb3 36. Nd2 Qxc3 37. Qxc3 Rxc3 38. Ne4 Ra3 39. Kf2 Rb8 40. Re3 Rb2+ 41.
Be2 Ra4 42. Rd3 Bd8 43. Ke3 Bb6 44. Bd1 Rxd4 45. Rxd4 Rb4 46. Kf3 Rxd4 47. Be2
Ra4 48. Nf6 Ra3+ 49. Kg2 Re3 50. Bb5 Bd8 51. Ne8+ Kf8 52. Nd6 h4 53. gxh4 Bxh4
54. Be8 Be7 55. Nc4 Re4 56. Nd2 Re2+ 0-1